LEADER 00859nam2 22002173i 450 001 PUV0271630 005 20231121125612.0 100 $a20160623g1929 ||||0itac50 ba 101 | $alat$agrc 102 $ade 181 1$6z01$ai $bxxxe 182 1$6z01$an 200 1 $a˜4: œInscriptiones argolidis 461 1$1001PUV0271705$12001 $aInscriptiones Graecae$fconsilio et auctoritate Academiae litterarum Regiae Borussicae editae$g[poi] consilio et auctoritate Academiae scientiarum Germanicae editae$g[poi] consilio et auctoritate Academiae scientiarum Berolinensis et Brandenburgensis editae$v4 463 1$1001USM1256694$12001 $a˜1: œInscriptiones epidauri$fedidit Fridericus Hiller de Gaertringen$v1 801 3$aIT$bIT-01$c20160623 912 $aPUV0271630 967 $m1 977 $a 52 996 $aInscriptiones Argolidis$9287929 997 $aUNICAS